Advances in fractional calculus (Record no. 409)

MARC details
000 -LEADER
fixed length control field 00597 a2200181 4500
001 - CONTROL NUMBER
control field 066327
003 - CONTROL NUMBER IDENTIFIER
control field OSt
005 - DATE AND TIME OF LATEST TRANSACTION
control field 20210927132910.0
008 - FIXED-LENGTH DATA ELEMENTS--GENERAL INFORMATION
fixed length control field
082 ## - DEWEY DECIMAL CLASSIFICATION NUMBER
Classification number 515.43
Item number A95A
100 1# - MAIN ENTRY--PERSONAL NAME
Personal name Agarwal, O.P.
245 1# - TITLE STATEMENT
Title Advances in fractional calculus
Statement of responsibility, etc by O.P. Agarwal and J. Sabatier
260 ## - PUBLICATION, DISTRIBUTION, ETC. (IMPRINT)
Place of publication, distribution, etc New York
Name of publisher, distributor, etc Springer
Date of publication, distribution, etc 2007
300 ## - PHYSICAL DESCRIPTION
Extent 552p.
690 ## - LOCAL SUBJECT ADDED ENTRY--TOPICAL TERM (OCLC, RLIN)
Topical term or geographic name as entry element Calculus; Fractional calculus; Mechanical engineering; Computer engineering; Computer simulation; Engineering; Engineering mathematics; Mathematical physics
700 ## - ADDED ENTRY--PERSONAL NAME
Personal name Sabatier, J.
942 ## - ADDED ENTRY ELEMENTS (KOHA)
Source of classification or shelving scheme Dewey Decimal Classification
Koha item type Books
Holdings
Withdrawn status Lost status Source of classification or shelving scheme Damaged status Not for loan Collection code Home library Current library Date acquired Source of acquisition Cost, normal purchase price Full call number Barcode Date last seen Price effective from Koha item type
    Dewey Decimal Classification     General Text Book Central University Of Rajasthan Central University Of Rajasthan 07/03/2012 MTH 9960.00 515.43 A95A 613 21/11/2024 02/09/2020 Books